000 00488nam a2200193Ia 4500
005 20260429112223.0
008 260429s9999||||xx |||||||||||||| ||und||
020 _a9788183769884
041 _aEnglish
082 _a910
_bSHA
100 _aSharma, Alka
245 0 _aIntroduction to travel and tourism /
_cAlka Sharma
260 _aJaipur :
_bABD Publishers,
_c2024.
300 _avii, 280 p.; hb
650 _a Tourism
650 _a Travel
650 _aGeography
942 _cTB
999 _c52963
_d52963